LEADER 02250nas# 2200349 i 450 001 SUN0061953 005 20150902124133.831 010 $d0.00 011 $a2284-3361 100 $a20071106a2007 |0itac50 ba 101 $aita 102 $aIT 105 $a|||| ||||| 110 $aaB||||||||| 200 1 $a*Diritto dello sport$erivista bimestrale di informazione e approfondimento sul diritto, l'organizzazione e la gestione dello sport e delle attivitą motorie$erivista$fdiretta da Fabio Roversi Monaco e Filippo Lubrano 207 $aA. 1, n. 1 (gen.-feb. 2007)- 210 $aBologna$cBononia university$d[2007]- 215 $avolumi$d24 cm. 606 $aSport$xDiritto$xPeriodici$2FI$3SUNC022730 620 $dBologna$3SUNL000003 676 $a344.4509905$cDiritto in materia di attivitą ricreative. Italia. Pubblicazioni in serie$v20 702 1$aRoversi Monaco$b, Fabio A.$3SUNV004127 702 1$aLubrano$b, Filippo$3SUNV005407 712 $aBononia university$3SUNV003424$4650 790 1$aRoversi-Monaco, Fabio A.$zRoversi Monaco, Fabio A.$3SUNV004011 790 1$aRoversi Monaco, Fabio$zRoversi Monaco, Fabio A.$3SUNV004128 801 $aIT$bSOL$c20200127$gRICA 899 $aUFFICIO DI BIBLIOTECA DEL DIPARTIMENTO DI GIURISPRUDENZA$2SUN00$42007-2014;$cSALA LETTURA sc. 14 ; 912 $aSUN0061953 950 $aUFFICIO DI BIBLIOTECA DEL DIPARTIMENTO DI GIURISPRUDENZA$b002007-2014;$d00RIV SALA LETTURA sc.14 2012 $e00DG 2668 20140721 $d00RIV SALA LETTURA sc. 14 2007 $e00RIV628 20131009 $d00RIV SALA LETTURA sc. 14 2008 $e00RIV629 20131009 $d00RIV SALA LETTURA sc. 14 2010 $e00RIV630 20131009 $d00RIV SALA LETTURA sc. 14 2009 $e00RIV2406 20131009 $d00RIV SALA LETTURA sc. 14 2011 $e00RIV5380 20131009 $d00RIV SALA LETTURA sc. 14 2013 $e00RIV20131 20200121 $d00RIV SALA LETTURA sc. 14 2014 $e00UBG664 20150716 996 $aDirito dello sport$958612 997 $aUNICAMPANIA LEADER 02622nam 2200625 a 450 001 9910788533803321 005 20210617191359.0 010 $a1-283-63107-5 010 $a9786613943521 010 $a0-12-391930-4 035 $a(CKB)3360000000435679 035 $a(EBL)1034988 035 $a(OCoLC)818815275 035 $a(SSID)ssj0000767271 035 $a(PQKBManifestationID)12366205 035 $a(PQKBTitleCode)TC0000767271 035 $a(PQKBWorkID)10740896 035 $a(PQKB)10910923 035 $a(Au-PeEL)EBL1034988 035 $a(CaPaEBR)ebr10610037 035 $a(CaONFJC)MIL394352 035 $a(MiAaPQ)EBC1034988 035 $a(PPN)193771810 035 $a(EXLCZ)993360000000435679 100 $a20121008d2013 uy 0 101 0 $aeng 135 $aur|n|---||||| 181 $ctxt 182 $cc 183 $acr 200 14$aThe neuroscience of autism spectrum disorders$b[electronic resource] /$fJoseph D. Buxbaum, Patrick R. Hof 205 $a1st ed. 210 $aOxford $cAcademic Press$d2013 215 $a1 online resource (493 p.) 300 $aDescription based upon print version of record. 311 $a0-12-391924-X 320 $aIncludes bibliographical references and index. 327 $asection 1. Autism spectrum disorders -- section 2. Etology of autism spectrum disorders -- section 3. Brain imaging and neuropathology of autism spectrum disorders -- section 4. Model systems and pathways in autism spectrum disorders. 330 $aAutism is no longer considered a rare disease, and the Center for Disease Control now estimates that upwards of 730,000 children in the US struggle with this isolating brain disorder. New research is leading to greater understanding of and ability to treat the disorder at an earlier age. It is hoped that further genetic and imaging studies will lead to biologically based diagnostic techniques that could help speed detection and allow early, more effective intervention. Edited by two leaders in the field, this volume offers a current survey and synthesis of the most important findin 606 $aAutism spectrum disorders 606 $aNeurosciences 615 0$aAutism spectrum disorders. 615 0$aNeurosciences. 676 $a616.8588 686 $a44.91$2bcl 686 $a77.50$2bcl 700 $aBuxbaum$b Joseph D$01493958 701 $aHof$b Patrick R$01493959 801 0$bMiAaPQ 801 1$bMiAaPQ 801 2$bMiAaPQ 906 $aBOOK 912 $a9910788533803321 996 $aThe neuroscience of autism spectrum disorders$93717241 997 $aUNINA